000
00207nam a22000857a 4500
008
250125b |||||||| |||| 00| 0 eng d
020
_a
9789350334409
245
_a
Richard III
260
_a
Noida
_b
Maple Press
_c
2023
999
_c
12732
_d
12732